000 01357ngm a22004450a 4500
001 PT38525
003 AR-LpoUNG
005 20210202000523.0
007 vd cvaizq
008 191001ss.f.||||ag |||||||||||||||||spa d
037 _c$27
040 _aAR-LpoUNG
_bspa
_cAR-LpoUNG
_eaacr
041 _aspa
044 _aag
082 0 _a940.531 8 629luc
245 1 3 _aLa lucha contra Hitler en Alemania
260 _aBuenos Aires :
_bBlackman,
_cs.f..
300 _a2 DVD (172 min.) : son., col.
520 _aUn estudio detallado de aquellos que enfrentando los riesgos y consecuencias actuaron internamente tratando de detener el genicidio nazi. La resistencia alemana fue la oposición de individuos y grupos tanto civiles como militares en Alemania al régimen nacionalsocialista entre 1933 y 1945.
650 4 _aALEMANIA
650 4 _aANALISIS HISTORICO
650 4 _aAUTORITARISMO
650 4 _aDICTADURA
650 4 _aDISCRIMINACION RACIAL
650 4 _aGENOCIDIO
650 4 _aHISTORIA
650 4 _aHISTORIA SOCIAL
650 4 _aIDEOLOGIAS POLITICAS
650 4 _aJUDIOS
651 4 _aEuropa
653 _aCINE
653 _aCINE Y TOTALITARISMO
653 _aDOCUMENTALES
653 _aDVD
653 _aNAZISMO
653 _aVIDEOS
710 2 _aBlakman (firma comercial)
905 _a38525
942 _cDVD
999 _c55029
_d55029